000 00683nam a2200241Ia 4500
003 OSt
005 20220925212421.0
006 a|||||r|||| 00| 0
007 ta
008 220923b |||||||| |||| 00| 0 eng d
037 _cGeneral Book
040 _aRTL
_cRTL
_beng
041 _2eng
_aeng
082 _aX.41.N6, K7
100 _aDonnithorne Audrey
_9122380
245 0 _aChina's economic system
260 _aLondon
_bAllen & Unwin
_c1967
300 _a592p.
_ccm.
500 _aBibliography: P 530-571; Appendix: P 513-529
650 _aEconomic Conditions China
942 _hX.41.N6, K7
_cGB
_2CC
999 _c560280
_d560280